Úhrady do zahraničia a zrážková daň

Uskutočňovanie platieb do zahraničia v obchodných vzťahoch a problematika odvádzania zrážkovej dane. Príjmy podliehajúce zrážkovej dani. Zmluvy o obmedzení dvojitého zdanenia. Uplatňovanie zrážkovej dane pri platbách do bezzmluvných štátov a do štátov, s ktorými má SR uzavretú zmluvu o zamedzení dvo...

Description complète

Enregistré dans:
Détails bibliographiques
Auteur principal: Fehér, Július
Format: Chapitre de livre
Langue:slovaque
Sujets:
Tags: Ajouter un tag
Pas de tags, Soyez le premier à ajouter un tag!

MARC

LEADER 00000naa a2200000 4500
001 r036829
005 20230926082050.4
041 0 |a slo 
044 |a SK 
245 1 0 |a Úhrady do zahraničia a zrážková daň  |c Július Fehér 
520 |a Uskutočňovanie platieb do zahraničia v obchodných vzťahoch a problematika odvádzania zrážkovej dane. Príjmy podliehajúce zrážkovej dani. Zmluvy o obmedzení dvojitého zdanenia. Uplatňovanie zrážkovej dane pri platbách do bezzmluvných štátov a do štátov, s ktorými má SR uzavretú zmluvu o zamedzení dvojitého zdanenia. 
610 2 0 |a dane zrážkové 
610 2 0 |a cudzinci 
610 2 0 |a osoby právnické 
610 2 0 |a vzťahy obchodné 
610 2 0 |a príjmy 
610 2 0 |a povinnosť daňová 
610 2 0 |a zdaňovanie 
610 2 0 |a platby obchodné 
610 2 0 |a zdanenie dvojité 
100 1 |a Fehér, Július